[Event "Albena op 19th"]
[Site "Albena"]
[Date "2011.07.01"]
[Round "7"]
[White "Vetrov, Alexey"]
[Black "Dimov, Dian"]
[Result "1-0"]
[WhiteElo "2122"]
[BlackElo "2292"]
[PlyCount "109"]
[EventDate "2011.06.25"]
[EventType "swiss"]
[EventRounds "9"]
[EventCountry "BUL"]
[SourceTitle "CBM 143 Extra"]
[Source "ChessBase"]
[SourceDate "2011.08.29"]
[SourceVersion "1"]
[SourceVersionDate "2011.08.29"]
[SourceQuality "1"]

1. Nf3 g6 2. d4 Bg7 3. c3 d6 4. Bf4 Nd7 5. Nbd2 e5 6. dxe5 dxe5 7. Bg3 Nh6 8. e4 0-0 9. Bc4 Kh8 10. h4 Qe7 11. h5 g5 12. Qc2 c6 13. Nb3 f6 14. a4 Nb6 15. Bd3 Be6 16. a5 Nd7 17. 0-0-0 Rfd8 18. Nfd2 b6 19. f3 Nc5 20. Bc4 Nb7 21. a6 Nd6 22. Bxe6 Qxe6 23. Qd3 f5 24. Qe2 f4 25. Bf2 g4 26. Bh4 Rf8 27. Kc2 g3 28. Nc1 Rfc8 29. Qd3 Nhf7 30. b3 b5 31. c4 Bf8 32. c5 Ne8 33. b4 Be7 34. Bxe7 Qxe7 35. Ne2 Nc7 36. Qc3 Qf6 37. Qa1 Rd8 38. h6 Rd7 39. Rh5 Ng5 40. Rhh1 Rad8 41. Nb3 Kg8 42. Rxd7 Rxd7 43. Rd1 Rxd1 44. Qxd1 Nge6 45. Qd7 Qxh6 46. Qc8+ Kf7 47. Na5 Qh1 48. Nxc6 Qxg2 49. Nxe5+ Kf6 50. Qh8+ Kg5 51. Qg8+ Kf6 52. Qf7+ Kg5 53. Qf5+ Kh6 54. Ng4+ Kg7 55. Qf6+ 1-0

[Event "Saratov RSOCF Cup"]
[Site "Saratov"]
[Date "2010.01.26"]
[Round "8"]
[White "Vetrov, Alexey"]
[Black "Podlipalin, Vladimir"]
[Result "1-0"]
[WhiteElo "2110"]
[BlackElo "2152"]
[PlyCount "207"]
[EventDate "2010.01.19"]
[EventType "swiss"]
[EventRounds "9"]
[EventCountry "RUS"]
[SourceTitle "CBM 134 Extra"]
[Source "ChessBase"]
[SourceDate "2010.03.03"]
[SourceVersion "1"]
[SourceVersionDate "2010.03.03"]
[SourceQuality "1"]

1. c4 c6 2. g3 d5 3. Qc2 e5 4. Bg2 Be6 5. Nf3 f6 6. d3 Bb4+ 7. Bd2 Bxd2+ 8. Nbxd2 Ne7 9. 0-0 0-0 10. b4 a5 11. Rfb1 Nd7 12. bxa5 Ra7 13. Nb3 dxc4 14. dxc4 Bf5 15. e4 Be6 16. Rd1 Qc7 17. Qd2 Ng6 18. Qd6 Qxd6 19. Rxd6 Re8 20. h4 Ngf8 21. Bf1 Kf7 22. Rad1 Ke7 23. R1d2 Rc8 24. Ne1 Rc7 25. Nc2 Bf7 26. Ne3 g6 27. Ng4 Ra8 28. Nh6 Be6 29. Kh2 Nb8 30. f4 Na6 31. f5 Bd5 32. Rxf6 Kxf6 33. Ng4+ Kg7 34. f6+ Kf7 35. exd5 cxd5 36. Rxd5 h5 37. Nxe5+ Kxf6 38. Rb5 Re8 39. Nf3 Nd7 40. Ng5 Re1 41. Bd3 Re3 42. Bf1 Ke7 43. Nh3 Kf7 44. Nf4 Nf6 45. Rb6 Ng4+ 46. Kg2 Rc3 47. Bd3 Ne3+ 48. Kf3 Nxc4 49. Rb5 Rd7 50. Ke2 Re7+ 51. Kf2 Ne5 52. Be2 Rc2 53. Kf1 Rxa2 54. Nd5 Rd7 55. Nc3 Rc2 56. Ne4 Nd3 57. Rxb7 Rxb7 58. Nd6+ Ke7 59. Nxb7 Nac5 60. Bxd3 Nxd3 61. a6 Rf2+ 62. Kg1 Ra2 63. N3a5 Ne5 64. a7 Nf3+ 65. Kf1 Rd2 66. Nc6+ Kf6 67. Nd4 Nh2+ 68. Kg1 Ra2 69. a8Q Rxa8 70. Kxh2 Ke5 71. Nc6+ Kd5 72. Ne7+ Ke4 73. Nxg6 Kd5 74. Ne7+ Ke6 75. Nc6 Kd5 76. Nb4+ Kc4 77. Nc6 Kd5 78. Nca5 Re8 79. Kg2 Re3 80. Nd6 Ra3 81. Ndc4 Rc3 82. Kf2 Kc5 83. Ne3 Kd4 84. Nac4 Ke4 85. Ke2 Kd4 86. Kf3 Rb3 87. Kf4 Rb5 88. Nd6 Rb8 89. Ndf5+ Kd3 90. Kg5 Rh8 91. Nd5 Ke4 92. Nf6+ Kf3 93. Nxh5 Ra8 94. g4 Rf8 95. Nhg7 Ra8 96. Ne6 Rb8 97. h5 Ra8 98. h6 Rb8 99. h7 Rh8 100. Ned4+ Ke4 101. Kg6 Kf4 102. Nh6 Kg3 103. Kg7 Rxh7+ 104. Kxh7 1-0

[Event "Saratov RSOCF Cup"]
[Site "Saratov"]
[Date "2010.01.23"]
[Round "5"]
[White "Muromtsev, Arthur"]
[Black "Vetrov, Alexey"]
[Result "1/2-1/2"]
[WhiteElo "2244"]
[BlackElo "2110"]
[PlyCount "50"]
[EventDate "2010.01.19"]
[EventType "swiss"]
[EventRounds "9"]
[EventCountry "RUS"]
[SourceTitle "CBM 134 Extra"]
[Source "ChessBase"]
[SourceDate "2010.03.03"]
[SourceVersion "1"]
[SourceVersionDate "2010.03.03"]
[SourceQuality "1"]

1. e4 b6 2. d4 e6 3. Bd3 Bb7 4. Ne2 d5 5. e5 c5 6. c3 Ne7 7. 0-0 Nd7 8. Ng3 Qc7 9. Qh5 g6 10. Qf3 h5 11. Ne2 Nf5 12. Bg5 Be7 13. Bxe7 Kxe7 14. Nd2 Rag8 15. Qh3 c4 16. Bxf5 gxf5 17. Qh4+ Ke8 18. h3 Qd8 19. Qxd8+ Kxd8 20. f4 f6 21. Nf3 Ke7 22. Kf2 Rg7 23. g3 Rhg8 24. Rg1 a5 25. Rg2 Bc6 1/2-1/2

[Event "Saratov-B"]
[Site "Saratov"]
[Date "2009.08.12"]
[Round "4"]
[White "Vetrov, Alexey"]
[Black "Rjazanova Ossipova, Valeria"]
[Result "0-1"]
[WhiteElo "2130"]
[BlackElo "2099"]
[PlyCount "98"]
[EventDate "2009.08.10"]
[EventType "tourn"]
[EventRounds "13"]
[EventCountry "RUS"]
[SourceTitle "CBM 132 Extra"]
[Source "ChessBase"]
[SourceDate "2009.11.03"]
[SourceVersion "1"]
[SourceVersionDate "2009.11.03"]
[SourceQuality "1"]

1. d4 Nf6 2. Nf3 g6 3. g3 Bg7 4. c4 0-0 5. Bg2 d6 6. 0-0 Nc6 7. Nc3 a6 8. b3 Rb8 9. Bb2 b5 10. d5 Na5 11. cxb5 axb5 12. Nd4 b4 13. Na4 e5 14. dxe6 fxe6 15. Nc6 Nxc6 16. Bxc6 Bd7 17. Rc1 Qe8 18. Qc2 Rf7 19. Rfd1 Bh6 20. f4 e5 21. Bxd7 Qxd7 22. Bxe5 Ng4 23. Bd4 Qe6 24. Qc4 Re8 25. Re1 g5 26. Qxe6 Rxe6 27. f5 Re4 28. Ba1 Ne3 29. f6 g4 30. Rc6 Nd5 31. Rc4 Be3+ 32. Kg2 Rxc4 33. bxc4 Nxf6 34. Nb2 Ne4 35. Nd3 c5 36. h3 gxh3+ 37. Kxh3 Ra7 38. Kg4 Rxa2 39. Kf3 Bd2 40. Rd1 Nc3 41. Rh1 b3 42. Bxc3 Bxc3 43. Rb1 b2 44. Ke4 Ra1 45. Rxb2 Bxb2 46. Nxb2 Ra2 47. Nd3 Rxe2+ 48. Kd5 Rd2 49. Ke4 Kf7 0-1

[Event "Saratov Aratovsky Memorial 6th"]
[Site "Saratov"]
[Date "2006.11.28"]
[Round "2"]
[White "Khromkin, Andrey"]
[Black "Vetrov, Alexey"]
[Result "1-0"]
[WhiteElo "2328"]
[BlackElo "2135"]
[PlyCount "53"]
[EventDate "2006.11.27"]
[EventType "swiss"]
[EventRounds "9"]
[EventCountry "RUS"]
[SourceTitle "EXT 2008"]
[Source "ChessBase"]
[SourceDate "2007.11.25"]
[SourceVersion "1"]
[SourceVersionDate "2007.11.25"]
[SourceQuality "1"]

1. d4 d5 2. c4 c6 3. Nf3 Nf6 4. Nc3 e6 5. Bg5 Nbd7 6. cxd5 exd5 7. e3 Bd6 8. Bd3 h6 9. Bh4 0-0 10. Qc2 Re8 11. 0-0 a6 12. Rab1 Qe7 13. e4 dxe4 14. Nxe4 Qf8 15. Nxd6 Qxd6 16. Rfe1 Qf8 17. Bc4 b5 18. Rxe8 Qxe8 19. Re1 Qf8 20. Bb3 Bb7 21. Bxf6 gxf6 22. Qg6+ Kh8 23. Bxf7 Rd8 24. Nh4 Qg7 25. Re7 Bc8 26. Qxg7+ Kxg7 27. Be6+ 1-0